000 00607nam a2200193Ia 4500
003 GCL
008 140319s9999 xx 000 0 eng d
040 _aGCL /
_cGCL
082 0 4 _aP
_b492.7
_bP A
100 1 _aPROVENCAL, LEVI E.
245 1 0 _aARABICA: REVUE O'ETUDES ARABES (1970,1979,1980,1981,1985,1986,1987,1988,1998,1990,1991,1992,1993,1994,1995,) /
_cPROVENCAL, LEVI E.
260 _a[S.N] :
_bE. J. BRILL, LEIDER
650 0 4 _aPERIODICALS
650 0 4 _aARABIC LANGUAGE
650 0 4 _aARABIC CIVILIZATION
650 0 4 _aARAB COUNTRIES - HISTORY
650 0 4 _aARABIC LITERATURE
942 _2ddc
_cCR
999 _c25838
_d25838